01090nam a22002531 4500001000700000003000900007005001700016008004100033080002200074100002800096245004400124250001200168260005500180300005500235490006000290500003800350597014200388600002800530700002700558830006500585852004000650999001900690952012700709177287ES-MaACL20250815121257.0110314s1973 sp af ||||0| spa d a74 Opisso, Ricard1 aOpisso, Ricard.914562410aDibujos de Opisso / cpor Jaime Sunyer. a2ª ed. aMadrid : bIbérico Europea de Ediciones, c1973. a[24] p. : bprincipalmente il. bl. y n. ; c31 cm.1 aMaestros contemporáneos del dibujo y la pintura ; v1 aEncuadernado con otros títulos. aEn el lomo: Opisso, Mateos, Vázquez Díaz, Joaquín Peinado, Monell, F. Iturrino, Redondela, Colmeiro, Cecilio Pla, Martínez Ortiz.14aOpisso, Ricard.91456241 aSunyer, Jaime.914562500aMaestros contemporáneos del dibujo y la pinturav19190405 aES-MaACLjE-14686 (1) xOlim P-1071 c177287d177287 00104070aATENEOMbATENEOMcDEPO2d2011-03-14eCOMl0oE-14686 (1)p1186204r2023-02-23 00:00:00w2023-02-23yMONOGRAFIA